| 000 | 00697nam a2200229 i 4500 | ||
|---|---|---|---|
| 001 | bg | ||
| 100 | 1 | _aCHŁĘDOWSKI, Michał | |
| 245 | 1 | 0 |
_aWykłady z automatyki dla mechaników / _cMichał Chłędowski. |
| 260 |
_aRzeszów : _bOficyna Wydawnicza Politechniki Rzeszowskiej, _c2003. |
||
| 300 |
_a424, [1] s. : _brys., tab., wykr. ; _c24 cm. |
||
| 504 | _aBibliogr. s. [425]. | ||
| 521 | _aDla studentów Wydziału Budowy Maszyn i Lotnictwa. | ||
| 650 | 9 | _aAutomatyka | |
| 655 | _aPodręczniki akademickie | ||
| 020 | _a8371992556 | ||
| 040 | _cBPK | ||
| 041 | 0 | _apol | |
| 080 | _a681.5(075.8) | ||
| 920 | _a83-7199-255-6 | ||
| 942 | _cKS | ||
| 008 | s pl f |000 0 pol | ||
| 999 |
_c44722 _d44722 |
||
| 856 |
_uhttp://koha.tu.koszalin.pl/cgi-bin/koha/opac-detail.pl?biblionumber=44722 _yKatalog online BPK |
||